Managing change in healthcare : using action research (Record no. 2466)

MARC details
000 -LEADER
fixed length control field 00676nam a2200217Ia 4500
008 - FIXED-LENGTH DATA ELEMENTS--GENERAL INFORMATION
fixed length control field 191130s2009##################000#0#eng##
020 ## - INTERNATIONAL STANDARD BOOK NUMBER
International Standard Book Number 9781412922593
022 ## - INTERNATIONAL STANDARD SERIAL NUMBER
International Standard Serial Number 2008929611
040 ## - CATALOGING SOURCE
Original cataloging agency ACL
Transcribing agency ACL
082 ## - DEWEY DECIMAL CLASSIFICATION NUMBER
Classification number 362.1068 PAR
100 ## - MAIN ENTRY--PERSONAL NAME
Personal name Parkin, Paul
245 ## - TITLE STATEMENT
Title Managing change in healthcare : using action research
Statement of responsibility, etc. Paul Parkin
260 ## - PUBLICATION, DISTRIBUTION, ETC.
Place of publication, distribution, etc. Thousand Oaks, CA
Name of publisher, distributor, etc. SAGE
Date of publication, distribution, etc. 2009
300 ## - PHYSICAL DESCRIPTION
Extent 238 p. : ill. ; 25 cm
500 ## - GENERAL NOTE
General note Includes bibliographical references (p. 210-233) and index
650 ## - SUBJECT ADDED ENTRY--TOPICAL TERM
Topical term or geographic name entry element Action research - Great Britain
Topical term or geographic name entry element Medical care - Great Britain
990 ## - EQUIVALENCES OR CROSS-REFERENCES [LOCAL, CANADA]
Link information for 9XX fields cfd326e2ac10000c368c1d7215cf049c
991 ## -
-- 364124
Holdings
Withdrawn status Lost status Materials specified (bound volume or other part) Damaged status Not for loan Home library Current library Shelving location Date acquired Total Checkouts Full call number Barcode Date last seen Price effective from Koha item type
    pbk     Anna Centenary Library Anna Centenary Library 4TH FLOOR, A WING 09.10.2020   362.1068 PAR 161231 09.10.2020 09.10.2020 English Books

Find us on the map